Understanding plastics packaging technology /

Guardado en:
Autor Principal: Selke, Susan E. M.
Formato: Libro
Idioma:English
Publicado: Cincinnati, Ohio : Hanser Gardner Publications, 1997.
Series:Hanser understanding books
Materias:
Etiquetas: Agregar Etiqueta
Sin Etiquetas, Sea el primero en etiquetar este registro!
LEADER 00733cam a22002175a 4500
001 EIQ.libpla003597
008 970811s1997####ohua#####b####001#0#eng#d
005 20080218162719.0
245 1 0 |a Understanding plastics packaging technology /  |c Susan E.M. Selke. 
260 |a Cincinnati, Ohio :  |b Hanser Gardner Publications,  |c 1997. 
300 |a xiv, 206 p. :  |b il. ;  |c 24 cm. 
440 0 |a Hanser understanding books 
504 |a Incluye referencias bibliográficas e índice. 
020 |a 1569902348 
100 1 |a Selke, Susan E. M. 
082 0 0 |a 688.8  |2 21 
650 4 |a Plásticos  |x Empaquetados. 
650 4 |a Plastics  |x Packaging. 
010 |a  97036340  
040 |a DLC  |c DLC  |d AR-BbSID 
859 |a AR-BbSID  |b BIB. PLAPIQUI  |h 668.41  |i Se 48  |p 5174